000 00296nam a22001337a 4500
008 181012b xxu||||| |||| 00| 0 eng d
020 _a9780781721943
041 _aeng
080 _22nd
_a610
100 _a4
101 _aSHM
245 _aWhat to order when
_cEisenberg,R.L
942 _2udc
_cBK
999 _c49548
_d49548